Géographie de l'Asie par lettre - D - Statistiques

Statistiques générales
  • Ce quiz a été pris 161 fois
  • Le résultat moyen est 9 sur 20
Statistiques - réponses
Indice Réponse % Correct
Agglomération la plus peuplée d'Inde Delhi
94%
Animal mythique souvent utilisé pour symboliser la Chine Le Dragon
92%
Titre du chef spirituel du bouddhisme tibétain parfois traduit par "Océan de Sagesse" Dalaï-lama
89%
Que sont Gobi, le Karakoum ou le Néguev ? Des Déserts
89%
Ville majeure du golfe Persique célèbre pour ses hôtels luxueux et sa presqu'île artificielle en forme de palmier Dubaï
89%
Capitale du Bangladesh Dacca
86%
Passage maritime entre la mer de Marmara et la mer Égée Le détroit des {Dardanelles}
66%
Capitale du Tadjikistan Douchanbé
65%
Capitale du Timor oriental Dili
61%
Nom de la monnaie Vietnamienne désignant aussi une minnorité ethnique du sud de la Chine Le Đồng
41%
Sanctuaire musulman à Jérusalem aussi appelé mosquée d'Omar Le Dôme du Rocher
25%
Groupe ethnoreligieux ismaélien principalement établi dans le sud de la Syrie et au Liban Les Druzes
25%
Ville la plus peuplée de l'île de Bali en Indonésie Denpasar
21%
Mot persan signifiant "Fleuve" qui peut suivre entre autres "Amou" et "Syr" Daria
18%
Plus grande ville turque à majorité kurde et considérée comme capitale symbolique et culturelle de ce peuple Diyarbakır
12%
Film soviéto-japonais de 1975 réalisé par Akira Kurosawa racontant l'amitié entre un russe et un autochtone sibérien et se déroulant au cœur de la taïga Dersou Ouzala
8%
Grand plateau de l'Inde méridionale dont les villes principales sont Hyderâbâd, Bangalore et Nagpur Le Deccan
8%
Nom du parlement japonais composé de deux chambres La Diète
7%
Famille de langues typiques du sud de l'Inde incluant le télougou et le tamoul Les langues {Dravidiennes}
7%
Nom chinois de l'archipel des îles "Senkaku" disputées entre le Japon, la Chine et Taïwan Les îles {Diaoyu}
6%
Aucun quiz correspondant
Distribution des résultats
% des personnes avec chaque résultat
Percentile par nombre de réponses
Votre historique - résultats
Vous n’avez pas pris ce quiz